Statistics for Letter M Geography

Click here to take the quiz!

General Stats

  • This quiz has been taken 67 times
    (15 since last reset)
  • The average score is 12 of 15

Answer Stats

Hint Answer % Correct
Country where Timbuktu is locatedMali
100%
Major city in AustraliaMelbourne
100%
Islam's holiest cityMecca
100%
K2 is this type of geographical featureMountain
100%
The capital of UruguayMontevideo
100%
What country is petrona towers located inMalaysia
100%
Largest river in the USAMissouri
91%
2nd smallest country in EuropeMonaco
82%
One of africa's poorest countriesMalawi
82%
What country is cancun located in?Mexico
82%
This country was one of the countries of YugoslaviaMacedonia
73%
One of the northernmost states in the USAMaine
73%
Capital of AlabamaMontgomery
73%
This country's capital can translate to red heroMongolia
45%
Second largest city in MyanmarMandalay
18%

Score Distribution

Percentile by Number Answered

Percent of People with Each Score

Your Score History

You have not taken this quiz since the last reset